The paradise eater

Bibliographic Details
Main Author: Saul, John Ralston
Format: Book
Language:English
Published: New York : McGraw-Hill , c1988
Subjects:

MARC

LEADER 00000cam a2200000 7i4500
001 0000003304
005 20230510.0
008 991203 nyu eng
020 |a 007054865x (hbk) 
040 |a INS 
090 0 0 |a PR6056.R27   |b .P37 1988 
100 1 |a Saul, John Ralston 
245 1 4 |a The paradise eater   |c John Ralston Saul 
260 |a New York :   |b McGraw-Hill ,   |c c1988 
300 |a 270 p. ;   |c 24 cm. 
650 0 |a English fiction 
999 |a 0000004247   |b BOOK   |c Open Shelf   |e Default branch